| 000 | 01504nam a2200325Ia 4500 | ||
|---|---|---|---|
| 001 | ebr10255470 | ||
| 003 | CaPaEBR | ||
| 006 | m u | ||
| 007 | cr cn||||||||| | ||
| 008 | 990730s2001 si a sb 100 0 eng d | ||
| 020 | _z9789810242251 | ||
| 020 | _z9810242255 | ||
| 020 | _z9810242263 | ||
| 040 |
_aCaPaEBR _cCaPaEBR |
||
| 035 | _a(OCoLC)646768247 | ||
| 050 | 1 | 4 |
_aHG106 _b.N492 2001eb |
| 111 | 2 |
_aNew York University Mathematical Finance Seminar _d(1995-1998) |
|
| 245 | 1 | 0 |
_aQuantitative analysis in financial markets _h[electronic resource] : _bcollected papers of the New York University Mathematical Finance Seminar. _nVolume II / _ceditor, Marco Avellaneda. |
| 260 |
_aSingapore ; _aRiver Edge, NJ : _bWorld Scientific, _c2001. |
||
| 300 |
_axviii, 359 p. : _bill. |
||
| 500 | _aA collection of papers presented at the weekly Mathematical Finance Seminar at New York University's Washington Square campus and the Courant Institute. | ||
| 504 | _aIncludes bibliographical references. | ||
| 533 |
_aElectronic reproduction. _bPalo Alto, Calif. : _cebrary, _d2009. _nAvailable via World Wide Web. _nAccess may be limited to ebrary affiliated libraries. |
||
| 650 | 0 |
_aFinance _xMathematical models _vCongresses. |
|
| 650 | 0 | _aEconomics. | |
| 655 | 7 |
_aElectronic books. _2local |
|
| 700 | 1 |
_aAvellaneda, Marco, _d1955- |
|
| 710 | 2 | _aebrary, Inc. | |
| 856 | 4 | 0 |
_uhttp://site.ebrary.com/lib/rucke/Doc?id=10255470 _zAn electronic book accessible through the World Wide Web; click to view |
| 999 |
_c14235 _d14235 |
||